000 00580nam a2200193 i 4500
001 bg
100 1 _aPOLAŃSKI, Stanisław
245 0 _aGeometria wykreślna :
_bpodstawy rysunku budowlanego. Cz.2 /
_cS. Polański.
260 _aRzeszów,
_c1982.
300 _a182 s. ;
_c24 cm +
_eAlbum rysunków : 30 cm.
650 9 _aGeometria wykreślna
650 9 _aRysunek techniczny
_xbudownictwo
655 _aPodręczniki akademickie
040 _cBPK
041 _apol
080 _a744+741/743:69:624:72.02](075.8)
942 _cKS
008 s pl f |000 0 pol
999 _c22050
_d22050
856 _uhttp://koha.tu.koszalin.pl/cgi-bin/koha/opac-detail.pl?biblionumber=22050
_yKatalog online BPK